[Event "Howell (US Am N/1/8)"]
[Site "?"]
[Date "1996.??.??"]
[Round "?"]
[White "Martell, Raul"]
[Black "Smith, Michael R"]
[Result "0-1"]
[WhiteElo "1605"]
[BlackElo "2020"]
[PlyCount "60"]
[EventDate "1996.??.??"]

{1/(8)} 1. e4 c5 2. Nf3 d6 3. d4 cxd4 4. Nxd4 Nf6 5. Nc3 a6 6. Bc4 e6 7. Be3
Be7 8. O-O Qc7 9. Bb3 Bd7 10. h3 Nc6 11. Qd2 Na5 12. Rfd1 Rc8 13. Qd3 O-O 14.
Rd2 b5 15. a3 Qb7 16. Bg5 Nc4 17. Bxc4 bxc4 18. Qg3 Nh5 19. Qg4 Bxg5 20. Qxg5
Qxb2 21. Rad1 Qxc3 22. Qxh5 Qxa3 23. Nf3 Bc6 24. Rxd6 Bxe4 25. Ng5 Bxc2 26.
Rxe6 fxe6 27. Rd7 Qa1+ 28. Kh2 Qe5+ 29. Kg1 Rb8 30. Rd1 h6 0-1

[Event "Detroit (Class C/4/13)"]
[Site "?"]
[Date "1996.??.??"]
[Round "?"]
[White "Martell, Raul"]
[Black "Rosebrook, G."]
[Result "1-0"]
[WhiteElo "1605"]
[BlackElo "1605"]
[PlyCount "77"]
[EventDate "1996.??.??"]

{4/(13)} 1. e4 e5 2. Nf3 f5 3. Bc4 fxe4 4. Nxe5 Qg5 5. Ng4 d5 6. Be2 h5 7. d4
Qg6 8. Ne3 Nf6 9. g3 Nc6 10. a3 Bd7 11. Nc3 Ne7 12. Nb5 Bxb5 13. Bxb5+ c6 14.
Be2 Nf5 15. c3 Nd6 16. h3 Be7 17. Ng2 O-O 18. Nf4 Qf7 19. Bxh5 Nxh5 20. Qxh5 g6
21. Qxg6+ Qxg6 22. Nxg6 Rf7 23. Nxe7+ Rxe7 24. Bf4 Nf5 25. Ke2 Rae8 26. Be5 e3
27. g4 Nh4 28. Kxe3 Ng6 29. f4 Rf8 30. Raf1 Ree8 31. h4 b6 32. h5 Ne7 33. Kd3
Rf7 34. g5 Nf5 35. g6 Rd7 36. h6 Rxe5 37. fxe5 Ng3 38. h7+ Kh8 39. Rf8+ 1-0

[Event "Howell (US Am N/4/22)"]
[Site "?"]
[Date "1996.??.??"]
[Round "?"]
[White "Martell, Raul"]
[Black "Roberts, Kenneth"]
[Result "0-1"]
[WhiteElo "1605"]
[BlackElo "1820"]
[PlyCount "114"]
[EventDate "1996.??.??"]

{4/(22)} 1. e4 e6 2. d4 d5 3. exd5 exd5 4. Bd3 Nc6 5. c3 Bd6 6. h3 Nge7 7. Qc2
Be6 8. Nf3 Qd7 9. Ng5 Bf5 10. Bxf5 Qxf5 11. Qxf5 Nxf5 12. b3 h6 13. Nf3 O-O-O
14. Ba3 Rhe8+ 15. Kd1 Bxa3 16. Nxa3 Nd6 17. Nd2 Ne4 18. Nxe4 dxe4 19. Kd2 Ne5
20. Ke3 Nd3 21. Nc2 f5 22. Ne1 f4+ 23. Ke2 Nxe1 24. Rhxe1 Rd6 25. Rad1 e3 26.
Rd3 exf2+ 27. Kxf2 Rxe1 28. Kxe1 Kd7 29. Kf2 g5 30. Rd2 Re6 31. d5 Re3 32. c4
Kd6 33. Re2 Rxe2+ 34. Kxe2 Ke5 35. Kf3 h5 36. g3 fxg3 37. Kxg3 a5 38. Kf3 Kd4
39. a4 b6 40. Kf2 Kc3 41. Kf3 Kxb3 42. Ke4 Kxc4 43. Kf5 g4 44. hxg4 hxg4 45.
Kxg4 Kxd5 46. Kf3 Kd4 47. Ke2 c5 48. Kd1 Kc3 49. Kc1 c4 50. Kb1 Kd2 51. Kb2 c3+
52. Kb3 c2 53. Ka2 c1=Q 54. Kb3 Qc3+ 55. Ka2 Qb4 56. Ka1 Kc2 57. Ka2 Qb2# 0-1

[Event "Howell (US Am N/6/38)"]
[Site "?"]
[Date "1996.??.??"]
[Round "?"]
[White "Martell, Raul"]
[Black "Pecot, Dave"]
[Result "1-0"]
[WhiteElo "1605"]
[BlackElo "1605"]
[PlyCount "89"]
[EventDate "1996.??.??"]

{6/(38)} 1. e4 e5 2. Bc4 Nf6 3. d3 d5 4. exd5 Nxd5 5. Bd2 Nf6 6. Nc3 Bg4 7. f3
Bh5 8. Nge2 a6 9. Ng3 Bg6 10. Qe2 Bd6 11. Nce4 O-O 12. O-O-O Nc6 13. h4 Nd4 14.
Qf2 h5 15. Bg5 Be7 16. c3 Nc6 17. Qe3 b5 18. Bb3 a5 19. Nxf6+ Bxf6 20. Bxf6
Qxf6 21. Bd5 Ra6 22. Ne4 Qe7 23. Qc5 Bxe4 24. Qxe7 Nxe7 25. dxe4 a4 26. c4 bxc4
27. Bxc4 Rc6 28. b3 axb3 29. axb3 Rb8 30. Kd2 Rc5 31. Ke3 Kf8 32. g4 Ke8 33.
gxh5 Rc6 34. Rhg1 Kf8 35. Rg5 Rc5 36. Rdg1 g6 37. hxg6 fxg6 38. h5 Kg7 39. hxg6
Rb6 40. Rh5 Rxg6 41. Rgh1 Kf8 42. Rh8+ Ng8 43. R1h7 Rg7 44. Rxg7 Kxg7 45. Rxg8+
1-0

[Event "Lansing (MOR/1a/15)"]
[Site "?"]
[Date "1996.??.??"]
[Round "?"]
[White "Martell, Raul"]
[Black "Paul, Dennis"]
[Result "1-0"]
[WhiteElo "1605"]
[BlackElo "1605"]
[PlyCount "119"]
[EventDate "1996.??.??"]

1. e4 e5 2. Bc4 Nf6 3. d3 Bc5 4. Nc3 c6 5. Bg5 Qb6 6. Na4 Qb4+ 7. c3 Qa5 8. b4
Bxb4 9. cxb4 Qxb4+ 10. Bd2 Qe7 11. Nc3 d5 12. exd5 cxd5 13. Nxd5 Nxd5 14. Bxd5
Be6 15. Bxe6 Qxe6 16. Qa4+ Nc6 17. Ne2 Qg6 18. Qe4 f5 19. Qf3 O-O 20. O-O Qd6
21. Rfd1 Rae8 22. Bc3 b5 23. Rac1 b4 24. Bb2 Nd4 25. Nxd4 exd4 26. Rc6 Qe5 27.
h3 Qe2 28. Qxe2 Rxe2 29. Bxd4 Rxa2 30. Rc7 Rf7 31. Rc8+ Rf8 32. Rxf8+ Kxf8 33.
Bc5+ Kf7 34. Bxb4 a5 35. Bc5 Ke6 36. d4 Kd5 37. Rb1 a4 38. f3 a3 39. Rc1 h5 40.
Kh2 g5 41. Rc3 g4 42. fxg4 fxg4 43. hxg4 hxg4 44. Rxa3 Re2 45. Ra8 Re3 46. Rg8
Re4 47. Kg3 Re3+ 48. Kxg4 Re4+ 49. Kh5 Re2 50. g4 Rh2+ 51. Kg6 Ke6 52. g5 Rh4
53. Kg7 Rf4 54. Re8+ Kd7 55. Re7+ Kc6 56. g6 Kd5 57. Kg8 Rf6 58. g7 Rf5 59. Rf7
Rg5 60. Kf8 1-0

[Event "Lansing (MOR/6/1)"]
[Site "?"]
[Date "1996.??.??"]
[Round "?"]
[White "Martell, Raul"]
[Black "McGrath, Michael"]
[Result "1-0"]
[WhiteElo "1605"]
[BlackElo "1750"]
[PlyCount "101"]
[EventDate "1996.??.??"]

{6/(1)} 1. e4 e5 2. Bc4 Nf6 3. d3 c6 4. Bg5 Be7 5. Nc3 O-O 6. h3 a5 7. a3 b5 8.
Bb3 Na6 9. Nge2 Nc5 10. Ba2 Ba6 11. b4 Ne6 12. Bxf6 Bxf6 13. Qb1 Nf4 14. g3
Nxe2 15. Nxe2 d5 16. O-O Bc8 17. Kh2 Qd7 18. Ng1 dxe4 19. dxe4 Bb7 20. Rd1 Qc7
21. c3 axb4 22. axb4 Rad8 23. Qc2 c5 24. Bb1 Rxd1 25. Qxd1 Rd8 26. Qe2 cxb4 27.
cxb4 Qc1 28. Ra7 Bc6 29. Bd3 Rb8 30. Bxb5 Bxb5 31. Qxb5 Qc8 32. Qd5 Rxb4 33.
Qxf7+ Kh8 34. Nf3 Qg8 35. Qc7 Qb8 36. Qd7 Qf8 37. Rc7 Rb8 38. Kg2 h6 39. Nh2
Rd8 40. Qf5 Re8 41. Ng4 Re7 42. Nxf6 gxf6 43. Rc8 Re8 44. Rxe8 Qxe8 45. Qxf6+
Kh7 46. h4 Qh5 47. Qf5+ Qxf5 48. exf5 h5 49. f3 Kg7 50. g4 Kf6 51. Kf2 1-0

[Event "Detroit (Class C/2/9)"]
[Site "?"]
[Date "1996.??.??"]
[Round "?"]
[White "Martell, Raul"]
[Black "Mahabir, Jagdesh"]
[Result "1-0"]
[WhiteElo "1605"]
[BlackElo "1605"]
[PlyCount "58"]
[EventDate "1996.??.??"]

{2/(9)} 1. e4 d6 2. d4 Nf6 3. Nc3 g6 4. f4 Bg7 5. b3 c6 6. Bc4 Be6 7. Bxe6 fxe6
8. e5 Nd5 9. Nxd5 exd5 10. c3 e6 11. Qg4 Qe7 12. Nf3 dxe5 13. fxe5 Nd7 14. Ng5
Nf8 15. O-O Rg8 16. Rf7 Qd8 17. Nxe6 Qc8 18. Rxg7 Rxg7 19. Nxg7+ Kf7 20. Qxc8
Rxc8 21. Bh6 Rc7 22. Rf1+ Kg8 23. Rxf8+ Kxf8 24. Ne6+ Ke7 25. Nxc7 Kd7 26. Na8
Kc8 27. Bg5 Kb8 28. e6 Kc8 29. e7 Kd7 1-0

[Event "Kalamazoo (MI Am/4/12)"]
[Site "?"]
[Date "1996.??.??"]
[Round "?"]
[White "Martell, Raul"]
[Black "Juntunen, Michael"]
[Result "1-0"]
[WhiteElo "1605"]
[BlackElo "1605"]
[PlyCount "87"]
[EventDate "1996.??.??"]

{4/(12)} 1. e4 e5 2. Bc4 Nf6 3. d3 d5 4. exd5 Nxd5 5. Bd2 Bc5 6. h3 Nc6 7. Nf3
Be6 8. Ng5 Qd7 9. Nxe6 fxe6 10. Nc3 Rf8 11. Ne4 Qf7 12. O-O Bb6 13. Qg4 h6 14.
Rae1 O-O-O 15. Qg3 Nde7 16. Be3 Nf5 17. Qf3 Rde8 18. Bxb6 axb6 19. Qg4 Rg8 20.
Nd2 h5 21. Qg5 Rh8 22. Nf3 Qf6 23. h4 Rh6 24. Bb5 Nfd4 25. Bxc6 bxc6 26. Nxe5
c5 27. c3 Nf5 28. Re2 Nxh4 29. Qxf6 gxf6 30. g3 Rg8 31. Kh2 Nf5 32. Nf3 e5 33.
Kh3 Rh7 34. Nh4 Ne7 35. Rfe1 Kd7 36. b3 Kd6 37. a4 Rg5 38. Ra1 f5 39. a5 bxa5
40. Rxa5 f4 41. Ra6+ Kd5 42. Re4 Rhg7 43. Rh6 fxg3 44. c4# 1-0

[Event "Kalamazoo (MI Am/2/7)"]
[Site "?"]
[Date "1996.??.??"]
[Round "?"]
[White "Martell, Raul"]
[Black "Jendras, Gerard"]
[Result "1/2-1/2"]
[WhiteElo "1605"]
[BlackElo "1880"]
[PlyCount "146"]
[EventDate "1996.??.??"]

{2/(7)} 1. e4 e5 2. Bc4 Nf6 3. d3 Nc6 4. a3 Bc5 5. Nc3 d6 6. Bg5 h6 7. Bh4 g5
8. Bg3 Be6 9. Bxe6 fxe6 10. Qd2 Qe7 11. f3 O-O-O 12. O-O-O d5 13. exd5 exd5 14.
Bf2 d4 15. Nce2 Bxa3 16. bxa3 Qxa3+ 17. Kb1 Rd5 18. c4 dxc3 19. Nxc3 Rhd8 20.
Nxd5 Qb3+ 21. Kc1 Rxd5 22. Ne2 Nb4 23. Qb2 Nxd3+ 24. Rxd3 Qxd3 25. Nc3 Qc4 26.
Qc2 Rd3 27. Ne4 Qxc2+ 28. Kxc2 Nxe4 29. fxe4 Ra3 30. Kb2 Rd3 31. Kc2 Ra3 32.
Kb2 Ra4 33. Re1 Kd7 34. Kb3 b5 35. Bc5 a5 36. Bf8 h5 37. Bg7 Ke6 38. Rc1 Rb4+
39. Ka3 Rxe4 40. Rxc7 Re3+ 41. Kb2 Re2+ 42. Kb3 Re3+ 43. Kb2 Re2+ 44. Kb3 Kd6
45. Rb7 Re3+ 46. Kb2 Re2+ 47. Kb3 Re3+ 48. Kb2 Kc6 49. Re7 Re2+ 50. Kb3 a4+ 51.
Kb4 Kd6 52. Re8 Rb2+ 53. Ka3 Rb3+ 54. Ka2 Re3 55. Bf8+ Kc6 56. Rc8+ Kd5 57.
Rc5+ Ke6 58. Rxb5 Re2+ 59. Rb2 Re4 60. Ka3 Rf4 61. Bb4 e4 62. Kxa4 Kd5 63. Kb3
e3 64. Re2 Rxb4+ 65. Kxb4 Kd4 66. Re1 Kd3 67. Kc5 e2 68. Kd5 Kd2 69. Ra1 e1=Q
70. Rxe1 Kxe1 71. Ke5 Kf2 72. Kf5 g4 73. Kg5 Kxg2 1/2-1/2

[Event "Ann Arbor (Mini-Swiss/2/7)"]
[Site "?"]
[Date "1996.??.??"]
[Round "?"]
[White "Marson, Michael"]
[Black "Venia, Mike"]
[Result "1-0"]
[WhiteElo "1665"]
[BlackElo "1605"]
[PlyCount "128"]
[EventDate "1996.??.??"]

{2/(7)} 1. d4 Nf6 2. c4 g6 3. Nc3 d5 4. cxd5 Nxd5 5. e4 Nxc3 6. bxc3 Bg7 7. Ba3
O-O 8. Nf3 b6 9. Bc4 Bb7 10. Qe2 a5 11. O-O Ba6 12. Rad1 Re8 13. Ng5 Bxc4 14.
Qxc4 e6 15. f4 h6 16. Nf3 Qc8 17. Ne5 c5 18. d5 Nd7 19. dxe6 Nxe5 20. fxe5 Qxe6
21. Qxe6 Rxe6 22. Rd6 Rxd6 23. exd6 Rd8 24. Bb2 Rxd6 25. Rb1 Kf8 26. Kf2 Ke7
27. Kf3 Kd7 28. Ke3 Be5 29. h3 Kc6 30. a4 c4 31. Ke2 Rd3 32. Rf1 Rd7 33. g4 Kd6
34. h4 Ke6 35. Rf3 Rb7 36. h5 g5 37. Ba3 Rb8 38. Ke3 Bxc3 39. Rf1 Rc8 40. Rb1
Bb4 41. Bxb4 axb4 42. Rxb4 Rc6 43. Rb1 c3 44. Kd4 c2 45. Rc1 f6 46. Kd3 Ke5 47.
Ke3 Rc4 48. Kd3 Rxe4 49. Rxc2 Rxg4 50. Rc6 Rd4+ 51. Ke3 Rd6 52. Rc4 f5 53. Rb4
f4+ 54. Kf3 Rc6 55. Rb5+ Rc5 56. Rxb6 Rc3+ 57. Kf2 g4 58. Rxh6 Rc2+ 59. Kf1 Ke4
60. Rb6 Rh2 61. Rb4+ Kf3 62. Rb3+ Ke4 63. Rb4+ Kf3 64. Rb3+ Ke4 1-0

[Event "Lansing (MOR/3/12)"]
[Site "?"]
[Date "1996.??.??"]
[Round "?"]
[White "Marson, Michael"]
[Black "Stark, Jay"]
[Result "1/2-1/2"]
[WhiteElo "1730"]
[BlackElo "1605"]
[PlyCount "105"]
[EventDate "1996.??.??"]

{3/(12)} 1. d4 d5 2. c4 c6 3. Nf3 Bf5 4. Nc3 e6 5. Qb3 Qc7 6. cxd5 exd5 7. g3
Bd6 8. Bd2 Nf6 9. Rc1 Qd7 10. Bg2 O-O 11. O-O h6 12. Ne5 Qe7 13. f4 Na6 14. Nd1
Rab8 15. Ne3 Be4 16. Bh3 Nc7 17. a4 Ne6 18. Bxe6 fxe6 19. Nd1 Bh7 20. Nf2 Ne4
21. Nxe4 Bxe4 22. a5 c5 23. dxc5 Bxc5+ 24. Be3 Bxe3+ 25. Qxe3 Ra8 26. Qc5 Qe8
27. Qd6 Rd8 28. Qc7 Qb5 29. Qe7 Qxe2 30. Qxe6+ Kh7 31. Rf2 Qe3 32. Rd1 Rc8 33.
Ng4 Qb3 34. Re1 Qb4 35. Ra1 Qd4 36. Qe5 Qc5 37. h3 Rce8 38. Qc3 Qxc3 39. bxc3
Rc8 40. Ra3 Rc7 41. Rb2 Rfc8 42. Nf2 Rxc3 43. Rxc3 Rxc3 44. Nxe4 dxe4 45. Kf2
Rc7 46. Ke3 Re7 47. g4 Kg6 48. h4 Kf6 49. Rb5 g6 50. h5 gxh5 51. Rxh5 Kg7 52.
Rb5 Kg6 53. Rd5 1/2-1/2

[Event "Ann Arbor (Mini-Swiss/3/6)"]
[Site "?"]
[Date "1996.??.??"]
[Round "?"]
[White "Marson, Michael"]
[Black "Solon, Nathan"]
[Result "0-1"]
[WhiteElo "1655"]
[BlackElo "1605"]
[PlyCount "166"]
[EventDate "1996.??.??"]

{3/(6)} 1. d4 f5 2. c4 Nf6 3. Nc3 e6 4. Bg5 Bb4 5. Nf3 O-O 6. a3 Bxc3+ 7. bxc3
Na6 8. e3 c5 9. Bd3 Qa5 10. Qc2 cxd4 11. exd4 d5 12. O-O dxc4 13. Bxc4 b5 14.
Bxf6 Rxf6 15. Bb3 Bb7 16. Qd3 Rc8 17. c4 Be4 18. Qe2 Bxf3 19. Qxf3 bxc4 20.
Rfc1 Qd5 21. Qe2 Rc6 22. Bxc4 Qd6 23. Qe5 Nc7 24. f4 Rf8 25. Qxd6 Rxd6 26. Re1
Rxd4 27. Bxe6+ Nxe6 28. Rxe6 Rxf4 29. Ra6 Rf7 30. Rb1 h6 31. Rb8+ Kh7 32. Ra8
Rc7 33. g3 Rfc4 34. R8xa7 Rc1+ 35. Kg2 R7c2+ 36. Kf3 Rxh2 37. Rf6 Rf1+ 38. Ke3
Rg2 39. Rff7 Rxg3+ 40. Ke2 Ra1 41. Rxf5 Raxa3 42. Re7 Ra2+ 43. Kf1 Rb3 44. Re1
Rh3 45. Kg1 Raa3 46. Rfe5 Rag3+ 47. Kf1 Rh1+ 48. Kf2 Rxe1 49. Rxe1 Rg5 50. Rh1
h5 51. Kf3 Kh6 52. Rh4 Ra5 53. Rc4 Ra6 54. Kg3 g5 55. Rc3 h4+ 56. Kh3 Kh5 57.
Rc5 Rf6 58. Rb5 Rf3+ 59. Kg2 Ra3 60. Rc5 h3+ 61. Kh2 Kh4 62. Rc4+ g4 63. Rd4
Ra2+ 64. Kg1 Kg5 65. Rd5+ Kh4 66. Rd4 Kg5 67. Rd5+ Kf4 68. Rd4+ Kf3 69. Rd3+
Kf4 70. Rd4+ Kg3 71. Rd3+ Kh4 72. Rd4 Re2 73. Rb4 Kg5 74. Rb5+ Kf4 75. Rb4+ Kf3
76. Rb3+ Re3 77. Rb1 g3 78. Rf1+ Kg4 79. Rb1 h2+ 80. Kg2 Re2+ 81. Kh1 Kh3 82.
Rg1 hxg1=Q+ 83. Kxg1 Re1# 0-1

[Event "Howell (US Am N/3/12)"]
[Site "?"]
[Date "1996.??.??"]
[Round "?"]
[White "Marson, Michael"]
[Black "Smith, Walt"]
[Result "0-1"]
[WhiteElo "1665"]
[BlackElo "2045"]
[PlyCount "88"]
[EventDate "1996.??.??"]

{3/(12)} 1. d4 Nf6 2. c4 Ne4 3. Nc3 Nxc3 4. bxc3 g6 5. e4 Bg7 6. Nf3 O-O 7. Be3
c5 8. Be2 b6 9. Qd2 d6 10. Bh6 Nc6 11. Bxg7 Kxg7 12. d5 Na5 13. h4 h5 14. Qg5
e5 15. Qe3 Ba6 16. Nd2 Qf6 17. g4 hxg4 18. Bxg4 Rh8 19. h5 Qf4 20. Qxf4 exf4
21. O-O-O Bxc4 22. Kb2 Rae8 23. hxg6 fxg6 24. Be6 Rxh1 25. Rxh1 Rh8 26. Rxh8
Kxh8 27. Nf3 Bb5 28. Ng5 Kg7 29. Nf7 Nc4+ 30. Kc2 Kf6 31. Nd8 Ke7 32. Nf7 Ne5
33. Nxe5 dxe5 34. f3 Be2 35. Bg4 a6 36. Kb3 Bd1+ 37. Kc4 Kd6 38. a3 Bc2 39. a4
Bxa4 40. Kd3 Bd7 41. Bxd7 Kxd7 42. c4 b5 43. Kc3 b4+ 44. Kb3 g5 0-1

[Event "Ann Arbor (Mini-Swiss/1/5)"]
[Site "?"]
[Date "1996.??.??"]
[Round "?"]
[White "Marson, Michael"]
[Black "Scioly, Tony"]
[Result "1-0"]
[WhiteElo "1655"]
[BlackElo "1605"]
[PlyCount "133"]
[EventDate "1996.??.??"]

{1/(5)} 1. e4 c5 2. Nf3 d6 3. d4 cxd4 4. Nxd4 Nf6 5. Nc3 g6 6. Be3 Bg7 7. Qd2
Ng4 8. Be2 Nxe3 9. Qxe3 O-O 10. f4 Nd7 11. O-O-O Qb6 12. Qd2 Nf6 13. e5 dxe5
14. fxe5 Ng4 15. Bxg4 Bxg4 16. Nf3 Bxf3 17. gxf3 Bxe5 18. Rde1 Rfd8 19. Qe3
Qxe3+ 20. Rxe3 Bf4 21. Rhe1 Bxe3+ 22. Rxe3 e6 23. Ne4 Kg7 24. b4 Rd5 25. c4 Rd4
26. Rc3 Rc8 27. Nd2 Rh4 28. Ne4 Rxh2 29. Nd6 Rd8 30. c5 Rd7 31. b5 Rxa2 32. c6
bxc6 33. bxc6 Rd8 34. c7 Rf8 35. Nb7 Ra1+ 36. Kc2 Rf1 37. Nd8 Rf2+ 38. Kb3 Rd2
39. c8=Q Rfxd8 40. Qc7 R2d7 41. Qe5+ Kg8 42. Qe3 Kg7 43. Kc2 h5 44. f4 f5 45.
Qxe6 Rd2+ 46. Kb3 R2d6 47. Qe7+ Kh6 48. Qg5+ Kg7 49. Qe7+ Kh6 50. Qxa7 R8d7 51.
Qg1 Rd4 52. Qg5+ Kg7 53. Rc6 Rd3+ 54. Kc4 R3d4+ 55. Kc5 R4d5+ 56. Kb6 R5d6 57.
Rxd6 Rxd6+ 58. Kc7 Rf6 59. Kd7 Rf7+ 60. Ke6 Rf8 61. Qe7+ Kg8 62. Kd6 Rf7 63.
Qe8+ Kg7 64. Qe5+ Kg8 65. Ke6 Rf8 66. Qc7 Re8+ 67. Kf6 $138 1-0

[Event "Ann Arbor (Ann Arbor Open, Open/3)"]
[Site "?"]
[Date "1996.??.??"]
[Round "?"]
[White "Marson, Michael"]
[Black "Pena, E."]
[Result "0-1"]
[WhiteElo "1655"]
[BlackElo "2110"]
[PlyCount "112"]
[EventDate "1996.??.??"]

1. d4 Nf6 2. c4 g6 3. Nc3 d5 4. cxd5 Nxd5 5. e4 Nxc3 6. bxc3 Bg7 7. Nf3 O-O 8.
Bc4 c5 9. O-O Nc6 10. Bb2 Bg4 11. d5 Ne5 12. Be2 Bxf3 13. gxf3 Qa5 14. f4 Nd7
15. Qc2 Qc7 16. Bc1 c4 17. Be3 b5 18. Rab1 a6 19. e5 Nc5 20. Bf3 Rad8 21. Bxc5
Qxc5 22. a4 f6 23. axb5 axb5 24. e6 f5 25. Rb4 Rd6 26. Rfb1 Rb8 27. Qe2 Rdb6
28. Qd2 Qd6 29. Kg2 Bh6 30. Kg3 g5 31. Be2 gxf4+ 32. Kh3 Bg5 33. Rg1 h6 34.
Rbb1 Kh7 35. Bf3 Qe5 36. Qc2 Kh8 37. Rbe1 Qf6 38. Qd2 Ra6 39. Ra1 Rd6 40. Qc1
Qe5 41. Re1 Qf6 42. Ra7 b4 43. cxb4 Qd4 44. Qc2 Qxa7 45. Qxf5 Qd4 46. Be4 Qg7
47. Bf3 Rf8 48. Qb1 Qc3 49. Qe4 Rf5 50. b5 Rdxd5 51. b6 Rfe5 52. b7 Rxe4 53.
b8=Q+ Kg7 54. Kg2 Qxe1 55. Qe8 Rf5 56. Bh5 f3+ 0-1

[Event "Eastpointe (EDO/5/7)"]
[Site "?"]
[Date "1996.??.??"]
[Round "?"]
[White "Marson, Michael"]
[Black "Moody, David"]
[Result "0-1"]
[WhiteElo "1730"]
[BlackElo "2050"]
[PlyCount "42"]
[EventDate "1996.??.??"]

{5/(7)} 1. d4 Nf6 2. c4 c5 3. d5 e6 4. Nc3 exd5 5. cxd5 d6 6. e4 g6 7. f4 Bg7
8. Bb5+ Nfd7 9. Nf3 O-O 10. O-O a6 11. Bxd7 Nxd7 12. a4 Re8 13. Qd3 Nf6 14. Nd2
Rb8 15. Nc4 b5 16. axb5 axb5 17. Na5 c4 18. Qc2 Ra8 19. Nc6 Qb6+ 20. Be3 Qxe3+
21. Qf2 Qxf2+ 0-1

[Event "Eastpointe (EDO/1/19)"]
[Site "?"]
[Date "1996.??.??"]
[Round "?"]
[White "Marson, Michael"]
[Black "McNair, Shawn"]
[Result "1-0"]
[WhiteElo "1730"]
[BlackElo "1605"]
[PlyCount "105"]
[EventDate "1996.??.??"]

{1/(19)} 1. d4 d5 2. c4 c6 3. Nf3 Nf6 4. Nc3 e6 5. Bg5 Be7 6. e3 O-O 7. Qc2
Nbd7 8. O-O-O h6 9. h4 Ng4 10. Bxe7 Qxe7 11. e4 dxc4 12. Bxc4 Qb4 13. Bb3 e5
14. dxe5 Ndxe5 15. Nxe5 Nxe5 16. f4 Ng6 17. g3 Bg4 18. Rd3 Rfd8 19. Qd2 Rxd3
20. Qxd3 Ne7 21. f5 h5 22. Bd1 Bxd1 23. Rxd1 f6 24. Qf3 Qc5 25. Qxh5 Qe3+ 26.
Kb1 Qxg3 27. Rd7 Qe5 28. Qd1 Nd5 29. Nxd5 cxd5 30. Qxd5+ Qxd5 31. exd5 b6 32.
d6 Kf8 33. Rc7 Rd8 34. d7 Ke7 35. Rxa7 Rxd7 36. Rxd7+ Kxd7 37. a4 Kd6 38. b4
Kd5 39. Kb2 Kc4 40. Ka3 Kc3 41. a5 bxa5 42. bxa5 Kc4 43. a6 Kd5 44. a7 Ke5 45.
a8=Q Kxf5 46. Kb3 Kg4 47. Qe4+ Kh5 48. Kc3 g5 49. hxg5 fxg5 50. Kd3 g4 51. Ke3
Kh4 52. Kf4 Kh3 53. Qh1# 1-0

[Event "Eastpointe (EDO/3/11)"]
[Site "?"]
[Date "1996.??.??"]
[Round "?"]
[White "Marson, Michael"]
[Black "Liu, Zhong"]
[Result "1-0"]
[WhiteElo "1730"]
[BlackElo "1605"]
[PlyCount "47"]
[EventDate "1996.??.??"]

{3/(11)} 1. d4 e6 2. c4 d5 3. Nc3 Bb4 4. Nf3 dxc4 5. Qa4+ Nc6 6. e3 Bd7 7. Bxc4
Bxc3+ 8. bxc3 Nxd4 9. Qd1 Nxf3+ 10. Qxf3 Bc6 11. Qg4 Qf6 12. O-O Qxc3 13. Rb1
Nh6 14. Qf4 O-O-O 15. Bb2 Qa5 16. Bxg7 Rhg8 17. Qxh6 Qf5 18. f3 e5 19. Qf6 Qh5
20. Bxf7 Rd6 21. Bxh5 Rxf6 22. Bxf6 e4 23. Bg4+ Kb8 24. Rfd1 1-0

[Event "Kalamazoo (MI Am/1/14)"]
[Site "?"]
[Date "1996.??.??"]
[Round "?"]
[White "Marson, Michael"]
[Black "Kyser, Bob"]
[Result "1-0"]
[WhiteElo "1705"]
[BlackElo "1605"]
[PlyCount "57"]
[EventDate "1996.??.??"]

{1/(14)} 1. d4 d5 2. c4 Nf6 3. cxd5 Nxd5 4. e4 Nb6 5. Nf3 Bg4 6. Be3 c6 7. Be2
Bxf3 8. Bxf3 Nc4 9. Qb3 b5 10. Nc3 Nxe3 11. fxe3 e6 12. O-O Be7 13. e5 Qb6 14.
Nxb5 O-O 15. Qd3 Na6 16. Nc3 Nb4 17. Qd2 Rac8 18. a3 Nd5 19. Rac1 Bg5 20. Nxd5
cxd5 21. Qf2 g6 22. b4 a5 23. h4 Be7 24. Be2 axb4 25. Rxc8 Rxc8 26. Qxf7+ Kh8
27. Qxe7 Qc7 28. Rf8+ Rxf8 29. Qxf8# 1-0

[Event "Ann Arbor (Ann Arbor Open, Open/2)"]
[Site "?"]
[Date "1996.??.??"]
[Round "?"]
[White "Marson, Michael"]
[Black "Jendras, Gerard"]
[Result "1/2-1/2"]
[WhiteElo "1655"]
[BlackElo "1855"]
[PlyCount "102"]
[EventDate "1996.??.??"]

1. d4 Nf6 2. c4 c5 3. d5 b5 4. cxb5 a6 5. Nc3 axb5 6. Nxb5 Bb7 7. Nc3 g6 8. Nf3
Qa5 9. Bd2 Bg7 10. e4 Qb6 11. Bd3 O-O 12. O-O d6 13. Re1 Nbd7 14. Qb3 Ba6 15.
Qxb6 Nxb6 16. Bxa6 Rxa6 17. Rab1 Nfd7 18. a3 Nc4 19. Bg5 Re8 20. Nb5 Rb8 21. b3
Nce5 22. Nxe5 Nxe5 23. a4 Kf8 24. f4 Nd3 25. Red1 Nb4 26. f5 Be5 27. fxg6 hxg6
28. g3 Rb7 29. Bf4 Bf6 30. Rf1 Kg7 31. Kg2 g5 32. Bd2 Nd3 33. Bc3 Ne5 34. Bxe5
Bxe5 35. Rbc1 Ra8 36. g4 Rh8 37. h3 Rh6 38. Rb1 Rf6 39. Rxf6 Kxf6 40. Na3 Bc3
41. Nc4 Ra7 42. Rf1+ Kg6 43. Rf3 Bd4 44. Ne3 Bxe3 45. Rxe3 c4 46. bxc4 Rxa4 47.
Rc3 Ra2+ 48. Kf3 Rh2 49. Kg3 Re2 50. Kf3 Rh2 51. Kg3 Re2 1/2-1/2

[Event "Detroit (WCO/4/6)"]
[Site "?"]
[Date "1996.??.??"]
[Round "?"]
[White "Marson, Michael"]
[Black "Jackson, Katrina"]
[Result "1-0"]
[WhiteElo "1665"]
[BlackElo "1605"]
[PlyCount "69"]
[EventDate "1996.??.??"]

{4/(6)} 1. d4 e6 2. e4 d5 3. e5 c5 4. c3 Nc6 5. Nf3 Bd7 6. Be3 Qb6 7. b3 Be7 8.
Bd3 cxd4 9. cxd4 Bb4+ 10. Nbd2 Bxd2+ 11. Qxd2 Qb4 12. O-O Qxd2 13. Bxd2 Nge7
14. Rac1 O-O 15. Rc2 Nf5 16. Bxf5 exf5 17. Rfc1 f6 18. exf6 Rxf6 19. Bf4 Re8
20. Ne5 Nxe5 21. Bxe5 Rf7 22. Rc5 Bc6 23. b4 a6 24. a4 Rd8 25. b5 axb5 26. axb5
Be8 27. b6 Bc6 28. Ra5 Rff8 29. Ra7 Ra8 30. f3 Rxa7 31. bxa7 b6 32. Rxc6 b5 33.
Bb8 Rxb8 34. axb8=Q+ Kf7 35. Qb7+ 1-0

[Event "Lansing (MOR/1b/2)"]
[Site "?"]
[Date "1996.??.??"]
[Round "?"]
[White "Marson, Michael"]
[Black "Frantz, John W"]
[Result "1-0"]
[WhiteElo "1730"]
[BlackElo "1605"]
[PlyCount "71"]
[EventDate "1996.??.??"]

1. d4 Nf6 2. c4 e6 3. Nc3 d5 4. Bg5 Nbd7 5. Nf3 h6 6. Bh4 Be7 7. e3 c6 8. Bd3
c5 9. cxd5 Nxd5 10. Bxe7 Nxe7 11. O-O O-O 12. Rc1 b6 13. Be4 Rb8 14. d5 exd5
15. Nxd5 Nxd5 16. Bxd5 Nf6 17. Bb3 Bb7 18. Qe2 Qc8 19. Rfd1 Qc6 20. Rc2 g5 21.
Rcd2 g4 22. Rd6 gxf3 23. Bxf7+ Rxf7 24. Qc4 b5 25. Qh4 Qe4 26. Qxh6 Rg7 27.
Qxf6 Rxg2+ 28. Kh1 Rxh2+ 29. Kxh2 Qh7+ 30. Qh6 Qxh6+ 31. Rxh6 Kg7 32. Rdd6 a5
33. Rb6 c4 34. Rhd6 b4 35. Rd7+ Kf8 36. Rdxb7 1-0

[Event "Lansing (MOR/5/6)"]
[Site "?"]
[Date "1996.??.??"]
[Round "?"]
[White "Marson, Michael"]
[Black "Foord, Allan"]
[Result "1-0"]
[WhiteElo "1730"]
[BlackElo "1605"]
[PlyCount "63"]
[EventDate "1996.??.??"]

{5/(6)} 1. d4 Nf6 2. c4 g6 3. Nc3 d5 4. cxd5 Nxd5 5. Nf3 Bg7 6. e4 Nxc3 7. bxc3
c5 8. Be3 Nc6 9. Rc1 cxd4 10. cxd4 O-O 11. Bc4 e6 12. O-O Bd7 13. h3 a6 14. Qd2
b5 15. Bb3 Qa5 16. Rfd1 Rfc8 17. d5 Qxd2 18. Rxd2 Na5 19. Rxc8+ Rxc8 20. dxe6
Bxe6 21. Bxe6 fxe6 22. Rd6 Kf7 23. Rxa6 Nc4 24. Ng5+ Kg8 25. Nxe6 Nxe3 26. Nxg7
Nxg2 27. Kxg2 Kxg7 28. Kg3 b4 29. Kg4 Rb8 30. e5 b3 31. Ra7+ Kf8 32. axb3 1-0

[Event "Kalamazoo (MI Am/3/4)"]
[Site "?"]
[Date "1996.??.??"]
[Round "?"]
[White "Marson, Michael"]
[Black "Conlon, Russell"]
[Result "1-0"]
[WhiteElo "1705"]
[BlackElo "1905"]
[PlyCount "47"]
[EventDate "1996.??.??"]

{3/(4)} 1. d4 d6 2. e4 Nf6 3. Bd3 e5 4. Ne2 Nbd7 5. O-O c6 6. c3 g6 7. f4 Bg7
8. fxe5 dxe5 9. Bg5 O-O 10. Na3 b5 11. Qe1 h6 12. Bh4 Qc7 13. d5 a6 14. Rd1 Bb7
15. c4 bxc4 16. Nxc4 cxd5 17. exd5 Bxd5 18. Rc1 Rac8 19. Bg3 Bxc4 20. Bxc4 Qb6+
21. Qf2 Qxf2+ 22. Bxf2 Rc6 23. Bxf7+ Rxf7 24. Rxc6 1-0

[Event "Detroit (Class C/1/2)"]
[Site "?"]
[Date "1996.??.??"]
[Round "?"]
[White "Marson, Michael"]
[Black "Conlon, G."]
[Result "1-0"]
[WhiteElo "1605"]
[BlackElo "1605"]
[PlyCount "75"]
[EventDate "1996.??.??"]

{1/(2)} 1. d4 d5 2. c4 c6 3. Nf3 Nf6 4. Nc3 dxc4 5. a4 Bg4 6. e4 e5 7. Bxc4
Bxf3 8. Qxf3 Qxd4 9. Bd3 Bb4 10. Bd2 a5 11. O-O Nbd7 12. Ne2 Qd6 13. Rfd1 O-O
14. Be3 Qe7 15. Ng3 Qe6 16. Nf5 Rfd8 17. Qg3 Bf8 18. Rac1 Nh5 19. Qf3 Qg6 20.
Nh4 Qf6 21. Qxh5 Be7 22. g3 g6 23. Qf3 Qg7 24. Bc4 Nf6 25. Ng2 h5 26. Bb6 Rxd1+
27. Rxd1 Bb4 28. Bc7 Bc5 29. Bxe5 Be7 30. Rd7 b5 31. Rxe7 bxc4 32. Bxf6 Qf8 33.
Qc3 Rd8 34. Ne3 Rd3 35. Qxc4 Rd6 36. e5 Rd2 37. e6 Qc8 38. exf7+ 1-0